01479nam a2200265 a 450000100100000000500170001000800410002704000250006808200150009310000510010824500730015926000480023230000210028049000450030150000530034650000420039959000260044183000500046795201280051795201280064595201910077395201130096495201190107799900170119600001780120240305073653.0100406s1979 dr 000 0 spa d aDO-SdBNPbspacBNPHU axxxbR696v1 aRodríguez Demorizi, Emilio,d1908-19869103910aViajeros de Francia en Santo Domingo /cEmilio Rodríguez Demorizi. aSanto Domingo :bEditora del Caribe,c1979. a237 p. ;c24 cm.1 aSociedad Dominicana de Geográfíav14 aIncluye índice de personas, lugares y materias aIncluye notas al pie de las páginas aInventariado, 2019/VM 0aSociedad Dominicana de Geografían14938694 001054708DSaGRbGRcHDd2011-06-08iLF1l0oxxx R696vp17801-30r2020-06-25te. 3w2020-06-25yLFDSZPréstamo en sala 001054708DSaGRbGRcHDd2015-07-14iLF1l0oxxx R696vp17801-40r2020-06-25te. 4w2020-06-25yLFDSZPréstamo en sala 001054708DSaGRbGRcHDd2019-07-22iLF1l0oxxx R696vp17801-50r2020-06-25te. 5w2020-06-25yLFDSzPerteneció a la biblioteca personal de la Flia. Reyes DulucZPréstamo en sala 0010718PDaPDbPDcHDd2010-04-06iLF1l0oxxx R696vp17801-10r2020-06-25w2020-06-25yLFPDZNo se presta 0010718PDaPDbPDcHDd2011-06-08iLF1l0oxxx R696vp17801-20r2020-06-25te. 2w2020-06-25yLFPDZNo se presta c17326d17326